Statistics for Easy Country Flags #1

Click here to take the quiz!

General Stats

  • This quiz has been taken 82 times
  • The average score is 14 of 16

Answer Stats

Answer% Correct
australia
100%
brazil
100%
UK/ united kingdom
100%
USA/ united states
98%
finland
91%
norway
91%
denmark
89%
france
88%
germany
88%
sweden
88%
canada
86%
china
86%
iceland
84%
ukraine
82%
mexico
80%
russia
77%

Score Distribution

Percentile by Number Answered

Percent of People with Each Score

Your Score History

You have not taken this quiz